Statistics for Johnny Depp Movies Quiz

Click here to take the quiz!

General Stats

  • This quiz has been taken 47,392 times
    (19,108 since last reset)
  • The average score is 9 of 17

Answer Stats

DescriptionMovie% Correct
Pirate and blacksmith team up to rescue a girl from cursed undead piratesPirates of the Caribbean:
The Curse of the Black Pearl
96%
Girl is transported to a strange land after she follows a rabbit down a holeAlice in Wonderland
94%
Kooky outsider has shears for handsEdward Scissorhands
93%
Barber shop customers end up in meat piesSweeney Todd
72%
Only Ichabod Crane can save townspeople from the Headless HorsemanSleepy Hollow
60%
Woman shakes up a French town by opening a chocolate shop during LentChocolat
59%
Masked man and Native American fight for justice in the Old WestThe Lone Ranger
59%
Chameleon must solve the case of the missing water in an Old West townRango
58%
Burned ghost kills teenagers in their sleepA Nightmare on Elm Street
46%
Gonzo journalist and his friend visit Nevada and do many strange drugs Fear and Loathing in
Las Vegas
40%
Drug dealer becomes America's main cocaine supplier in the 1970sBlow
35%
Gentlemanly bank robber John Dillinger becomes America's most wanted outlawPublic Enemies
29%
The true story of the worst director of all timeEd Wood
29%
The true story of Irish-American gangster Whitey BulgerBlack Mass
27%
Group of soldiers in Vietnam commit atrocities and fratricidePlatoon
26%
Undercover officer infiltrates the mob over the course of several yearsDonnie Brasco
24%
Mystery writer is accused of plagiarism by a strange and potentially violent manSecret Window
22%

Score Distribution

Percentile by Number Answered

Percent of People with Each Score

Your Score History

You have not taken this quiz since the last reset